Primer seminario internacional de producción limpia : (Registro nro. 235)
[ vista simple ]
| 000 -CABECERA | |
|---|---|
| Campo de control | 01141cam a2200277 a 4500 |
| 005 - FECHA Y HORA DE LA ULTIMA TRANSACCION | |
| Campo de control | 20160209160348.0 |
| 008 - ELEMENTOS DE LONGITUD FIJA—INFORMACION GENERAL | |
| Campo de control | 041019s1996 ck a gr 10010 spa d |
| 015 ## - NATIONAL BIBLIOGRAPHY NUMBER | |
| National bibliography number | ck-1996-xxxx |
| 020 ## - ISBN | |
| ISBN | 9589487017 |
| 040 ## - FUENTE DE CATALOGACIÓN | |
| Agencia catalogadora original | la |
| Agencia transcriptora | la |
| 041 0# - IDIOMA | |
| Código de idioma para texto/pista de sonido o título separado | Español |
| 043 ## - GEOGRAPHIC AREA CODE | |
| Geographic area code | s-ck--- |
| 082 04 - NUMERO DE CLASIFICACION DECIMAL DEWEY | |
| Número de clasificación | 333.716 |
| Número del ítem | S35m |
| 111 2# - ASIENTO PRINCIPAL--NOMBRE DE REUNION | |
| Nombre de reunión o de jurisdicción como elemento de entrada | Seminario Internacional de Producción Limpia |
| Fecha de la reunión | (1996 : |
| Lugar de la reunión | Cartagena de Indias) |
| 9 (RLIN) | 58286 |
| 245 10 - MENCION DE TITULO | |
| Título | Primer seminario internacional de producción limpia : |
| Parte restante del título | memorias / |
| Mención de responsabilidad | 1er seminario internacional de producción limpia, Cartagena de Indias, mayo 9 y 10 de 1996. |
| 260 ## - PUBLICACION, DISTRIBUCION, ETC. (PIE DE IMPRENTA) | |
| Lugar de publicación, distribución, etc. | Medellin : |
| Nombre del editor, distribuidor, etc. | Ministerio del Medio Ambiente, |
| Fecha de publicación, distribución, etc. | 1996. |
| 300 ## - DESCRIPCION FISICA | |
| Extensión | 219 p. : |
| Otros detalles físicos | il. ; |
| Dimensiones | 28 cm. |
| 500 ## - NOTA GENERAL | |
| Nota general | Fotocopia. |
| 650 ## - ASIENTO SECUNDARIO DE MATERIA - TERMINO TEMATICO | |
| Término temático o nombre geográfico como elemento de entrada | Política ambiental |
| Subdivisión de forma | Congresos, conferencias, etc.. |
| 9 (RLIN) | 58287 |
| 650 #6 - ASIENTO SECUNDARIO DE MATERIA - TERMINO TEMATICO | |
| Término temático o nombre geográfico como elemento de entrada | Gestión ambiental |
| Subdivisión geográfica | Colombia |
| Subdivisión cronológica | 2003-2004 |
| Subdivisión de forma | Informes. |
| 9 (RLIN) | 58288 |
| 650 #6 - ASIENTO SECUNDARIO DE MATERIA - TERMINO TEMATICO | |
| Término temático o nombre geográfico como elemento de entrada | Auditoría ambiental |
| Subdivisión geográfica | Colombia |
| Subdivisión cronológica | 2003-2004 |
| Subdivisión de forma | Informes. |
| 9 (RLIN) | 58289 |
| 650 #4 - ASIENTO SECUNDARIO DE MATERIA - TERMINO TEMATICO | |
| Término temático o nombre geográfico como elemento de entrada | Control ambiental |
| Subdivisión de forma | Congresos, conferencias, etc. |
| 9 (RLIN) | 58290 |
| 650 #4 - ASIENTO SECUNDARIO DE MATERIA - TERMINO TEMATICO | |
| Término temático o nombre geográfico como elemento de entrada | Producción más limpia |
| Subdivisión de forma | Congresos, conferencias, etc. |
| 9 (RLIN) | 58291 |
| 942 ## - ELEMENTOS ADICIONALES (KOHA) | |
| Sistema de clasificación | Dewey Decimal Classification |
| Tipo de ítem | Libro |
| 949 ## - LOCAL PROCESSING INFORMATION (OCLC) | |
| a | c |
| b | c |
| Withdrawn status | Lost status | Sistema de Clasificación | Damaged status | No para préstamo | Colección | Inventariado | Ubicación Permanente | Ubicación actual | Fecha de adquisición | Fuente de Valor | Valor | Total Checkouts | Número topográfico | Inventario / Código de Barras | Date last seen | Ejemplar | Price effective from | Forma de adquisición | Tipo de material |
|---|---|---|---|---|---|---|---|---|---|---|---|---|---|---|---|---|---|---|---|
| Dewey Decimal Classification | General | Inventariado 2017 | Bogotá | Bogotá | 27/06/2002 | Instituto | 39000.00 | LB-333.716 S35m | 000304 | 04/12/2012 | Ej. 1 | 04/12/2012 | Libro | ||||||
| Dewey Decimal Classification | General | Bogotá | Bogotá | 30/12/2019 | LB-333.716 S35m | 043958 | 30/12/2019 | Ej.3 | 30/12/2019 | Donación | Libro | ||||||||
| Dewey Decimal Classification | General | Inventariado 2017 | Sala Fabio Quevedo | Sala Fabio Quevedo | 26/12/1997 | Instituto | 39000.00 | LB-333.716 S35m | 000303 | 04/12/2012 | Ej. 2 | 04/12/2012 | Libro |